[Event "Alexandria op 18th"]
[Site "Alexandria"]
[Date "2012.08.28"]
[Round "2"]
[White "Abd El Fatah, Reda Fadel"]
[Black "Soliman, Ahmed Saiid"]
[Result "1-0"]
[WhiteElo "2140"]
[BlackElo "1884"]
[PlyCount "63"]
[EventDate "2012.08.27"]
[EventType "swiss"]
[EventRounds "9"]
[EventCountry "EGY"]
[SourceTitle "CBM 150 Extra"]
[Source "ChessBase"]
[SourceDate "2012.10.19"]
[SourceVersion "1"]
[SourceVersionDate "2012.10.19"]
[SourceQuality "1"]

1. e4 e6 2. d4 d5 3. exd5 exd5 4. Bd3 Bb4+ 5. Bd2 Qe7+ 6. Ne2 Nf6 7. 0-0 Bxd2 8. Qxd2 0-0 9. c4 c6 10. Nbc3 Be6 11. Nf4 dxc4 12. Nxe6 Qxe6 13. Rfe1 Qd6 14. Bxc4 Nbd7 15. Rad1 Rad8 16. Bb3 Rfe8 17. h3 Rxe1+ 18. Qxe1 Re8 19. Qd2 Ne4 20. Nxe4 Rxe4 21. Qa5 Qf4 22. Qxa7 Re2 23. Rf1 Rxb2 24. Qxb7 Qxd4 25. Qc8+ Nf8 26. Qxc6 g6 27. Qf3 Qd7 28. Qf6 Rd2 29. Re1 Ne6 30. Rxe6 Rd1+ 31. Kh2 Qc7+ 32. g3 1-0